000 01784ngm a2200337 4500
003 dpl
005 20080723110517.0
007 DVD
008 ||||||sp199 xxu|||||c|||| 00| 0 eng d
010 _aDVD-000829-831
024 _aA3939
_c499.00
035 _aDVD-000829-831
040 _aDPL
_cDPL
082 _aDVD / PRIN
245 _aPrincess Party :
_cWalt Disney Home Entertainment
_h[videorecording] DVD/
_bVolume Two
246 _a.
260 _bWalt Disney Home Entertainment
300 _a2 videodisc DVD; (120 min.) :
_bsd., col. ;
_c4 3/4 in.
_fDVD
440 _aWalt Disney Home Entertainment
500 _aSole Distributor in India M/s. Excel Productions Autio Visuals Pvt. Ltd.
500 _aStories, Music, Games and More. 2 animated Stories, "Where Dream Begin" Music Video, Princess Pajama Jam, Belle's Mixed-Up Stories
500 _aThis DVD is Copy Protected
538 _aDolby Digital 2.0 -English, Thai Subtitles: English, Korean, Chinese, Bahasa, Thai
538 _aAspect Ratio: 1.33:1, Presentation type: Full Frame, Presentation Size 4x3, Format DVD 9 Dual Layer Single Sided Disc.
650 _aAnimated Movie
942 _cCF
_2ddc
_hDVD
_mPRIN
999 _c16372
_d16372